Statistics for Most Guessed Countries and Capitals by Average Rank

Click here to take the quiz!

General Stats

  • This quiz has been taken 792 times
  • The average score is 35 of 40

Answer Stats

Country RankAnswer% Correct (Country)Capital Rank% Correct (Capital)Average Rank% Correct
1United States97%584%3
99%
1Washington D.C.97%584%3
98%
6France94%190%3.5
97%
3Russia96%781%5
97%
7United Kingdom94%287%4.5
97%
5China95%1276%8.5
96%
6Paris94%190%3.5
96%
7London94%287%4.5
95%
3Moscow96%781%5
95%
11Spain93%682%8.5
95%
10Italy94%387%6.5
94%
14Japan92%978%11.5
94%
4Mexico95%1773%10.5
94%
4Mexico City95%1773%10.5
94%
5Beijing95%1276%8.5
93%
9Brazil94%1374%11
93%
12Germany92%486%8
93%
2Canada96%2767%14.5
92%
11Madrid93%682%8.5
92%
10Rome94%387%6.5
92%
14Tokyo92%978%11.5
92%
12Berlin92%486%8
91%
13India92%2070%16.5
90%
8Australia94%3166%19.5
89%
9Brasília94%1374%11
87%
2Ottawa96%2767%14.5
87%
13New Delhi92%2070%16.5
86%
19Argentina86%2567%22
82%
8Canberra94%3166%19.5
82%
16Egypt87%2667%21
80%
16Cairo87%2667%21
79%
19Buenos Aires86%2567%22
78%
21Portugal86%1973%20
75%
28Greece81%880%18
73%
28Athens81%880%18
72%
17Ireland87%1078%13.5
72%
21Lisbon86%1973%20
72%
17Dublin87%1078%13.5
70%
23Norway84%1176%17
64%
23Oslo84%1176%17
62%

Score Distribution

Percentile by Number Answered

Percent of People with Each Score

Your Score History

You have not taken this quiz